| 000 | 00696nam a2200265Ia 4500 | ||
|---|---|---|---|
| 001 | 1738 | ||
| 005 | 20240113233513.0 | ||
| 007 | ta | ||
| 008 | 050211s1878 a g b000 u asm u | ||
| 040 | _aCotton College,Assam | ||
| 041 | _aasm | ||
| 082 |
_a891.41408 _bDa 26 Ar |
||
| 100 | _aDas, Jugal Kr. . | ||
| 245 | 0 |
_aArunachal / _cJugal Kr. Das. _hTextual Documents |
|
| 260 |
_aNagaon : _bKamal Ch. Bora , _c1878. |
||
| 300 |
_a109p. : _bill ; _c21cm. . |
||
| 500 | _a238/Ref/Ass | ||
| 653 | _aAssamese Essays | ||
| 653 | _aAssamese Essays-Collection | ||
| 653 | _aAssamese Journal | ||
| 653 | _aRef-Assamese | ||
| 942 |
_2ddc _cBK |
||
| 999 |
_c1733 _d1733 |
||